| 000 | 01377nam a2200325 c 4500 | ||
|---|---|---|---|
| 003 | BLK | ||
| 005 | 20250315100801.0 | ||
| 008 | 180409b bul|||||r ||||||| ||bul|| | ||
| 010 | _aKNG00113259000 | ||
| 020 |
_a954-529-306-3 _bиздат.: Колибри |
||
| 040 | _aBLK | ||
| 041 |
_aBUL _cBUL |
||
| 080 |
_aЧилийска литература _b821.134.2(83) _x-31 _z821.134.2(83)-31 |
||
| 100 | 1 |
_aАлиенде, Исабел _eпърви автор _930822 |
|
| 700 | 1 |
_aКостова, Маня Асенова _eпрев. от исп. _9277900 |
|
| 139 |
_aАлиенде, Исабел _bА 54 |
||
| 245 | 1 | 0 |
_aПортрет в сепия _bРоман _cИсабел Алиенде; прев. от исп. Маня Асенова Костова. |
| 257 | _aCHI | ||
| 260 |
_аСофия _bКолибри _c2004 _fСофия : Унискорп |
||
| 300 |
_a310 с. _c21 см |
||
| 380 | _aX | ||
| 500 | _aОриг. загл. Petrato en sepia / Isabel Allende. Кн. е последна от трилогията след Къщата на духовете и Дъщеря на съдбата. | ||
| 653 | _aромани | ||
| 852 | _aЦб 219682 | ||
| 856 | 4 |
_qpdf _u |
|
| 856 | 4 |
_qpdf _u |
|
| 942 |
_cKNG _n0 _050 |
||
| 944 |
_aCR _c27.05.2004 _lХристина Везирева _k30535 |
||
| 944 |
_aED _c18.11.2014 _lф / _kЛюдмила_Стоянова |
||
| 999 |
_c107962 _d107962 |
||